| Tag |
First Indicator |
Second Indicator |
Subfields |
| LEADER |
00000cam a22000001a 4500 |
| 001 |
in00003246913 |
| 005 |
20190404193546.0 |
| 006 |
m d f |
| 007 |
cr bn mmmapmmp |
| 008 |
090922s2000 dcu ob f000 0 eng d |
| 035 |
|
|
|a cis2007471396
|
| 040 |
|
|
|a UMI
|c UMI
|d UtOrBLW
|
| 043 |
|
|
|a n-us---
|
| 074 |
|
|
|a 1020-A
|
| 074 |
|
|
|a 1020-A (online)
|
| 074 |
|
|
|a 1020-B (MF)
|
| 074 |
|
|
|a 1020-B (online)
|
| 086 |
0 |
|
|a Y 4.J 89/1:106/64
|
| 088 |
|
|
|a Serial no. 64 (United States. Congress. House. Committee on the Judiciary)
|
| 099 |
|
|
|a HRG-1999-HJH-0078
|
| 110 |
1 |
|
|a United States.
|b Congress.
|b House.
|b Committee on the Judiciary.
|b Subcommittee on Commercial and Administrative Law.
|
| 245 |
1 |
0 |
|a Congressional limitation of executive orders :
|b hearing before the Subcommittee on Commercial and Administrative Law of the Committee on the Judiciary, House of Representatives, One Hundred Sixth Congress, first session, on H.R. 3131, H. Con. Res. 30, and H.R. 2655, October 28, 1999.
|
| 264 |
|
1 |
|a Washington :
|b U.S. G.P.O. :
|c 2000.
|
| 264 |
|
2 |
|a Washington :
|b For sale by the U.S. G.P.O., Supt. of Docs., Congressional Sales Office,
|
| 300 |
|
|
|a 1 online resource.
|
| 336 |
|
|
|a text
|b txt
|2 rdacontent
|
| 337 |
|
|
|a computer
|b c
|2 rdamedia
|
| 338 |
|
|
|a online resource
|b cr
|2 rdacarrier
|
| 500 |
|
|
|a Record is based on bibliographic data in ProQuest Congressional Hearings Digital Collection. Reuse except for individual research requires license from ProQuest, LLC.
|
| 504 |
|
|
|a Includes bibliographical references.
|
| 538 |
|
|
|a System requirements: PDF reader software.
|
| 500 |
|
|
|a Electronic resource.
|
| 650 |
|
0 |
|a Executive orders
|z United States.
|
| 650 |
|
0 |
|a Legislative oversight
|z United States.
|
| 650 |
|
0 |
|a Separation of powers
|z United States.
|
| 655 |
|
7 |
|a Electronic books.
|2 local
|
| 710 |
2 |
|
|a ProQuest (Firm)
|
| 776 |
0 |
8 |
|i Print version:
|a United States. Congress. House. Committee on the Judiciary. Subcommittee on Commercial and Administrative Law.
|t Congressional limitation of executive orders
|w (DLC)00328999
|w (OCoLC)ocm44870371
|
| 776 |
0 |
8 |
|i Microfiche version:
|a United States. Congress. House. Committee on the Judiciary. Subcommittee on Commercial and Administrative Law.
|t Congressional limitation of executive orders.
|d [Bethesda, Md.] : ProQuest,[2004]
|o CIS 00 H521-91
|w (ProQuest)cis00000752
|
| 830 |
|
0 |
|a U.S. Congressional Hearings.
|
| 856 |
4 |
0 |
|u http://proxy.library.tamu.edu/login?url=http://congressional.proquest.com/congcomp/getdoc?HEARING-ID=HRG-1999-HJH-0078
|z Connect to the full text of this electronic book
|t 0
|
| 998 |
|
|
|a cis00000752
|
| 999 |
|
|
|a MARS
|
| 999 |
f |
f |
|s 4b17d6f2-757f-3afd-acdf-ad9b708c326f
|i f82af15e-cc12-30c1-a718-1ec329f0ee26
|t 0
|
| 952 |
f |
f |
|a Texas A&M University
|b College Station
|c Electronic Resources
|d Available Online
|t 0
|e HRG-1999-HJH-0078
|h Other scheme
|
| 998 |
f |
f |
|a HRG-1999-HJH-0078
|t 0
|l Available Online
|